000 00598nam a2200229Ia 4500
003 OSt
005 20220928104135.0
006 a|||||r|||| 00| 0
007 ta
008 220927b |||||||| |||| 00| 0 eng d
024 _a54011
037 _cTextual
040 _aSDCL
_cSDCL
_beng
041 _2eng
_aeng
082 _aR6, 15G8
100 _aHasukar Shripad Shastri
_9409216
245 0 _aBhartiya darshan avm digdarshan .
260 _aDelhi
_bNag
_c1938
300 _a267p.
_ccm.
942 _hR6, 15G8
_cTEXL
_2CC
999 _c724750
_d724750